[Event "Schleswig Holstein-ch Seniors"]
[Site "Hanerau"]
[Date "2015.04.01"]
[Round "7"]
[White "Niemoeller, Lukas"]
[Black "Ritter, Klaus"]
[Result "0-1"]
[WhiteElo "1074"]
[BlackElo "1258"]
[PlyCount "68"]
[EventDate "2015.03.28"]
[EventType "swiss"]
[EventRounds "9"]
[EventCountry "GER"]
[SourceTitle "EXT 2018"]
[Source "ChessBase"]
[SourceDate "2017.10.13"]
[SourceVersion "1"]
[SourceVersionDate "2017.10.13"]
[SourceQuality "1"]

1. d4 c6 2. e4 d5 3. f3 e6 4. Nc3 b5 5. Bd3 Nd7 6. Be3 a6 7. Qd2 Bb7 8. Nge2 Qc8 9. Nf4 c5 10. dxc5 dxe4 11. Bxe4 Nxc5 12. Bxc5 Bxc5 13. Bxb7 Qxb7 14. Ne4 Qe7 15. 0-0-0 Nf6 16. Nd6+ Bxd6 17. Qxd6 Qxd6 18. Rxd6 0-0 19. Rhd1 g5 20. Nd3 Nd5 21. Nc5 a5 22. Ra6 Rxa6 23. Nxa6 Rc8 24. b4 axb4 25. Rd4 Rc4 26. Rxc4 bxc4 27. Kd2 Kg7 28. c3 bxc3+ 29. Kc2 Kf6 30. a4 Ke5 31. a5 Kd4 32. Nb8 Nb4+ 33. Kb1 Kd3 34. a6 Kd2 0-1